[Event "Netanya Open 2019"]
[Site "Netanya ISR"]
[Date "2019.06.30"]
[Round "7.11"]
[White "Bronstein, Or"]
[Black "Kuzubov, Yuriy"]
[Result "1-0"]
[WhiteTitle "FM"]
[BlackTitle "GM"]
[WhiteElo "2378"]
[BlackElo "2671"]
[WhiteFideId "2815770"]
[BlackFideId "14112906"]
[EventDate "2019.06.23"]

1. d4 Nf6 2. c4 e6 3. Nf3 b6 4. g3 Bb7 5. Bg2 g6 6. Nc3 Bg7 7. d5 O-O 8. O-O
exd5 9. cxd5 Re8 10. Nd4 c5 11. Nc2 d6 12. Re1 Na6 13. e4 Qd7 14. Bf1 Nc7 15. a4
Ba6 16. Bg2 Ng4 17. f4 Rad8 18. h3 Nh6 19. f5 f6 20. g4 Nf7 21. b4 Bc4 22. Rb1
Ne5 23. Bf1 Bxf1 24. Rxf1 Rc8 25. b5 Ra8 26. Ne1 a6 27. bxa6 Rxa6 28. Nd3 Nxd3
29. Qxd3 Rea8 30. Bf4 Qd8 31. Rb2 Qf8 32. Qg3 Rd8 33. Rfb1 Na8 34. h4 Bh6 35. g5
Bg7 36. Rg2 fxg5 37. Bxg5 Rd7 38. Rf1 Bd4+ 39. Kh1 Kh8 40. Qd3 Nc7 41. fxg6 Qc8
42. Bh6 Ra8 43. Qxd4+ 1-0

[Event "Netanya Open 2019"]
[Site "Netanya ISR"]
[Date "2019.06.30"]
[Round "7.24"]
[White "Streltsov, Alexey"]
[Black "Parkhov, Yair"]
[Result "0-1"]
[BlackTitle "FM"]
[WhiteElo "2177"]
[BlackElo "2354"]
[WhiteFideId "24104434"]
[BlackFideId "2813408"]
[EventDate "2019.06.23"]

1. e4 c5 2. Nf3 d6 3. Bb5+ Nd7 4. c4 Nf6 5. Nc3 g6 6. d3 Bg7 7. O-O O-O 8. Ba4
b6 9. h3 Bb7 10. Rb1 e6 11. Bf4 Qe7 12. Qd2 Nh5 13. Bg5 f6 14. Bh6 f5 15. Nh2
Bxh6 16. Qxh6 f4 17. Bxd7 Qxd7 18. Qg5 e5 19. Qg4 Qf7 20. Nb5 Qe7 21. Qf3 Ng7
22. Qd1 Ne6 23. f3 Bc6 24. Nc3 h5 25. a3 Kh7 26. Qe1 Nd4 27. Ne2 Nc2 28. Qf2 Ne3
29. Rfe1 Bd7 30. Nf1 Nxf1 31. Kxf1 g5 32. Nc3 g4 33. hxg4 hxg4 34. Ke2 g3 35.
Rh1+ Kg7 36. Qe1 Rh8 37. Qd2 Qg5 38. Rxh8 Rxh8 39. Rg1 Rh2 40. Kd1 Qh5 41. Qe2
Bh3 42. Ke1 Bxg2 43. Rxg2 Qh3 44. Rg1 Rxe2+ 45. Nxe2 Qh2 46. Rf1 Kf7 47. Kd2 g2
48. Rd1 Qh4 49. Kc3 Qf2 50. Ng1 Ke7 51. Rc1 a6 52. a4 Kf6 53. Rd1 Kg6 54. a5
bxa5 55. Kb3 a4+ 56. Kc3 Kh5 0-1

[Event "Netanya Open 2019"]
[Site "Netanya ISR"]
[Date "2019.06.30"]
[Round "7.32"]
[White "Tsirilman, Guy"]
[Black "Mindlin, Alon"]
[Result "1/2-1/2"]
[BlackTitle "IM"]
[WhiteElo "1798"]
[BlackElo "2454"]
[WhiteFideId "2820900"]
[BlackFideId "2800071"]
[EventDate "2019.06.23"]

1. d4 Nf6 2. c4 e6 3. Nc3 Bb4 4. e3 b6 5. Ne2 Bb7 6. a3 Bxc3+ 7. Nxc3 O-O 8. f3
c5 9. Bd3 d5 10. cxd5 exd5 11. O-O Nbd7 12. Qe1 Qc8 13. Qh4 Re8 14. Bd2 Ba6 15.
Bxa6 Qxa6 16. Rfd1 Rac8 17. Rac1 Qd3 18. Qf2 a6 19. Qf1 Qxf1+ 20. Kxf1 h6 21. g4
b5 22. h4 Nb6 23. b3 Nfd7 24. Kf2 f6 25. Be1 Kf7 26. h5 c4 27. b4 Na4 28. Nxd5
Nb2 29. Bc3 Nxd1+ 30. Rxd1 Nf8 31. e4 Ne6 32. Kg3 Rcd8 33. Nf4 Ng5 34. Re1 Rd7
35. d5 Rde7 36. Kg2 Rd7 37. Kg3 Ke7 38. Kf2 Kd8 39. Kg2 Kc8 40. Kf2 Rd6 41. Kg2
Nf7 42. Ng6 Ng5 43. Nf4 1/2-1/2

[Event "Netanya Open 2019"]
[Site "Netanya ISR"]
[Date "2019.06.30"]
[Round "7.49"]
[White "Zhimalov, Adam"]
[Black "Regenbogen, Yoseph"]
[Result "1-0"]
[WhiteElo "2044"]
[BlackElo "1806"]
[WhiteFideId "2816113"]
[BlackFideId "2814358"]
[EventDate "2019.06.23"]

1. d4 Nf6 2. c4 c6 3. Nf3 d5 4. e3 Bg4 5. h3 Bh5 6. Nc3 e6 7. Qb3 Qc7 8. Bd2
Nbd7 9. Bd3 Bg6 10. Bxg6 hxg6 11. cxd5 exd5 12. O-O Bd6 13. Rfc1 Qb6 14. Qc2
O-O-O 15. b4 Kb8 16. Rab1 a6 17. a4 Rc8 18. Qb3 Rhe8 19. Ng5 Re7 20. b5 a5 21.
Qa2 Bb4 22. bxc6 bxc6 23. Ne2 Nf8 24. Bxb4 axb4 25. a5 Ra7 26. axb6 Rxa2 27. Ng3
N6d7 28. Nxf7 Nxb6 29. Rxb4 Ka7 30. Ne5 Kb7 31. Rcb1 Ra6 32. Nd3 Nd7 33. Nc5+
Ka7 34. Nxd7 Nxd7 35. Rb7+ 1-0

[Event "Netanya Open 2019"]
[Site "Netanya ISR"]
[Date "2019.07.01"]
[Round "8.13"]
[White "Greenfeld, Alon"]
[Black "Gorshtein, Ido"]
[Result "0-1"]
[WhiteTitle "GM"]
[BlackTitle "FM"]
[WhiteElo "2513"]
[BlackElo "2367"]
[WhiteFideId "2800039"]
[BlackFideId "2815532"]
[EventDate "2019.06.23"]

1. Nf3 d5 2. d4 Nf6 3. c4 dxc4 4. e3 e6 5. Bxc4 a6 6. O-O b5 7. Bd3 Bb7 8. a4 b4
9. Nbd2 c5 10. e4 cxd4 11. e5 Nd5 12. Nc4 Nd7 13. Bg5 Qb8 14. a5 h6 15. Bh4 Nf4
16. Bc2 g5 17. Ba4 Bc5 18. Bg3 Bd5 19. Rc1 Ke7 20. Nxd4 Bxd4 21. Bxf4 Bxb2 22.
Nxb2 gxf4 23. Bxd7 Rg8 24. f3 Qxe5 25. Qd2 Rad8 26. Qxb4+ Kf6 27. Bc6 Rb8 28.
Qe1 Qxe1 0-1

[Event "Netanya Open 2019"]
[Site "Netanya ISR"]
[Date "2019.07.01"]
[Round "8.48"]
[White "Zilbershtein, Victor"]
[Black "Ben Ari, Yannay"]
[Result "0-1"]
[WhiteElo "1772"]
[BlackElo "2053"]
[WhiteFideId "2810441"]
[BlackFideId "2815222"]
[EventDate "2019.06.23"]

1. d4 f5 2. g3 Nf6 3. Bg2 e6 4. c4 d5 5. cxd5 exd5 6. Nf3 Bd6 7. e3 O-O 8. O-O
c6 9. Nc3 Nbd7 10. a3 Ne4 11. Qb3 Kh8 12. Nh4 Qe8 13. Ne2 g5 14. Nf3 Qh5 15. Qd1
Rf6 16. h4 h6 17. b4 Nb6 18. Ne5 gxh4 19. gxh4 Qxh4 20. Nf4 Kh7 21. f3 Ng3 22.
Rf2 Nh5 23. Nfd3 f4 24. Nxf4 Nxf4 25. exf4 Bf5 26. Ng4 Rg6 27. Bf1 Bxg4 28. fxg4
Qxg4+ 29. Qxg4 Rxg4+ 30. Rg2 Rag8 31. Ra2 Bxf4 32. Bxf4 Rxf4 33. Bd3+ Kh8 34.
Rxg8+ Kxg8 35. Rg2+ Kf8 36. Rg6 Rxd4 37. Bf5 Rf4 38. Bh3 Rh4 39. Kg2 Kf7 40. Rd6
Rh5 41. Kg3 Rg5+ 42. Kf4 Rh5 43. Bg4 Rh4 44. Kg3 Rh1 45. Kg2 Ra1 46. Rxh6 Ra2+
47. Kf1 Rxa3 48. Rh7+ Kf6 49. Rxb7 Ke5 50. Kf2 Ra4 51. Re7+ Kd4 52. Rc7 Rxb4 53.
Rxc6 a5 54. Rc1 a4 55. Be2 a3 56. Ra1 Rb3 57. Ke1 Kc3 58. Kd1 Kb2 59. Rc1 a2 60.
Rc2+ Ka3 0-1

[Event "Netanya Open 2019"]
[Site "Netanya ISR"]
[Date "2019.07.01"]
[Round "8.52"]
[White "Kadosh, Lior"]
[Black "Iliaguev, Daniel"]
[Result "0-1"]
[WhiteElo "1649"]
[BlackElo "1993"]
[WhiteFideId "2822180"]
[BlackFideId "2818434"]
[EventDate "2019.06.23"]

1. e4 e6 2. d4 d5 3. Nc3 Bb4 4. exd5 exd5 5. Bd3 Nc6 6. Ne2 Nge7 7. Bg5 f6 8.
Bf4 Bf5 9. Bxf5 Nxf5 10. Qd3 Qd7 11. O-O-O O-O-O 12. Kb1 Rhe8 13. g4 Bxc3 14.
Nxc3 Nfxd4 15. Be3 Nf3 16. Nxd5 Qxg4 17. h3 Qe6 18. Qb3 Qe4 19. Nc3 Qf5 20. Nd5
b6 21. Nxc7 Rxd1+ 22. Rxd1 Kxc7 23. Bxb6+ Kb8 24. Qf7 Rc8 25. Rd7 Na5 26. Rc7
Nd2+ 27. Kc1 Ndc4 28. Bxa5 Qf4+ 29. Kb1 Rxc7 30. Bxc7+ Qxc7 31. a3 0-1

[Event "Netanya Open 2019"]
[Site "Netanya ISR"]
[Date "2019.07.02"]
[Round "9.2"]
[White "Korobov, Anton"]
[Black "Zubov, Alexander"]
[Result "1/2-1/2"]
[WhiteTitle "GM"]
[BlackTitle "GM"]
[WhiteElo "2687"]
[BlackElo "2597"]
[WhiteFideId "14105730"]
[BlackFideId "14109409"]
[EventDate "2019.06.23"]

1. d4 d5 2. c4 dxc4 3. Nf3 Nf6 4. e3 e6 5. Bxc4 c5 6. O-O Nc6 7. Nc3 Be7 8. Qe2
cxd4 9. exd4 O-O 10. Rd1 Nd5 11. Qe4 Nf6 12. Qh4 Nd5 13. Qh3 e5 14. Qg3 Nxc3 15.
bxc3 e4 16. Bh6 Bf6 17. Ne5 Ne7 18. Bd2 Nd5 19. Bxd5 Qxd5 20. a4 Bxe5 21. dxe5
Rd8 22. h4 Bf5 23. h5 Qe6 24. Bg5 Rxd1+ 25. Rxd1 Bg4 26. Rd6 Qf5 27. Bf6 Qxh5
28. e6 fxe6 29. Bd4 Qg6 30. Be5 Rf8 31. Rd7 Rf7 32. Rd8+ Rf8 33. Rxf8+ Kxf8 34.
Bd4 h5 35. Qb8+ Kf7 36. Qxa7 Bf3 37. Qxb7+ Kg8 38. Qb8+ Kh7 39. Qg3 Qxg3 40.
fxg3 Be2 41. Kf2 Bd3 42. g4 hxg4 43. Ke3 Kg6 44. Kf4 Kf7 45. a5 g3 46. Kxg3 e5
47. Bxe5 e3 1/2-1/2

[Event "Netanya Open 2019"]
[Site "Netanya ISR"]
[Date "2019.07.02"]
[Round "9.3"]
[White "Moiseenko, Alexander"]
[Black "Rozentalis, Eduardas"]
[Result "1-0"]
[WhiteTitle "GM"]
[BlackTitle "GM"]
[WhiteElo "2642"]
[BlackElo "2540"]
[WhiteFideId "14102560"]
[BlackFideId "12800023"]
[EventDate "2019.06.23"]

1. d4 Nf6 2. c4 e6 3. Nf3 b6 4. a3 Bb7 5. Nc3 g6 6. Qc2 Bxf3 7. exf3 Bg7 8. Be3
Nc6 9. O-O-O Ne7 10. g4 d5 11. h4 dxc4 12. h5 Nfd5 13. Bxc4 Nxc3 14. Qxc3 c6 15.
h6 Bf6 16. g5 Nd5 17. Bxd5 cxd5 18. Qc6+ Kf8 19. Kb1 Rc8 20. Qb7 Rc7 21. Qa6
Bxg5 22. f4 Bf6 23. Rc1 Ke7 24. f5 Rd7 25. Bd2 Bxd4 26. Bb4+ Kf6 27. Qd3 Bc5 28.
fxe6 fxe6 29. Qf3+ Ke7 30. Rxc5 bxc5 31. Bxc5+ Ke8 32. Re1 Re7 33. Qg4 Qd7 34.
Bxe7 Kxe7 35. Qg5+ Kf7 36. Qf4+ Ke7 37. Qg5+ Kf7 38. Qe5 Rf8 39. Rc1 Kg8 40. Rc7
Rf5 41. Rc8+ Rf8 42. Qh8+ 1-0

[Event "Netanya Open 2019"]
[Site "Netanya ISR"]
[Date "2019.07.02"]
[Round "9.8"]
[White "Kantsler, Boris"]
[Black "Svetushkin, Dmitry"]
[Result "1-0"]
[WhiteTitle "GM"]
[BlackTitle "GM"]
[WhiteElo "2420"]
[BlackElo "2532"]
[WhiteFideId "2805359"]
[BlackFideId "13900463"]
[EventDate "2019.06.23"]

1. d4 Nf6 2. c4 e6 3. Nc3 Bb4 4. e3 O-O 5. Bd3 c5 6. Ne2 d5 7. O-O cxd4 8. exd4
dxc4 9. Bxc4 Nbd7 10. Bg5 Nb6 11. Bb3 Be7 12. Qd3 Bd7 13. Bc2 g6 14. Bb3 Bc6 15.
Rfd1 Re8 16. Rac1 Nfd5 17. Bxe7 Rxe7 18. Qg3 a5 19. a3 a4 20. Ba2 Rd7 21. Ne4
Nf6 22. Nc5 Ne4 23. Nxe4 Bxe4 24. Nc3 Bc6 25. Qe5 Bd5 26. Bxd5 Nxd5 27. Ne4 b6
28. Rc4 Rc8 29. Rdc1 Rxc4 30. Rxc4 Qa8 31. h4 h5 32. g4 Qf8 33. gxh5 gxh5 34.
Qxh5 f6 35. Kf1 Rg7 36. Rc6 Re7 37. Qg4+ Kh8 38. Rxe6 Qc8 39. Qh5+ Kg7 40. Rxe7+
Nxe7 41. Kg2 Ng6 42. Kh2 Ne7 43. Ng3 Qc2 44. Qe2 Qc7 45. Qxe7+ 1-0

[Event "Netanya Open 2019"]
[Site "Netanya ISR"]
[Date "2019.07.02"]
[Round "9.11"]
[White "Emanuel, Yahav"]
[Black "Kuzubov, Yuriy"]
[Result "1/2-1/2"]
[WhiteTitle "FM"]
[BlackTitle "GM"]
[WhiteElo "2359"]
[BlackElo "2671"]
[WhiteFideId "2814790"]
[BlackFideId "14112906"]
[EventDate "2019.06.23"]

1. e4 c5 2. Nf3 Nc6 3. Nc3 e5 4. Bc4 Be7 5. d3 Nf6 6. Nd2 d6 7. Nf1 Bg4 8. f3
Be6 9. Ne3 O-O 10. O-O Kh8 11. Bd2 Qd7 12. a4 Nh5 13. a5 Bd8 14. a6 b6 15. Ncd5
Ne7 16. g4 Nf4 17. Nxf4 exf4 18. Nd5 Bxd5 19. Bxd5 Nxd5 20. exd5 Bf6 21. Bxf4
Bxb2 22. Rb1 Bd4+ 23. Kg2 b5 24. Re1 b4 25. Be3 Bc3 26. Bd2 Bf6 27. d4 Bxd4 28.
Bxb4 h5 29. Bd2 hxg4 30. fxg4 Rab8 31. Qf3 Rxb1 32. Rxb1 Qa4 33. Qd3 Be5 34. c4
Qxa6 35. h4 Re8 36. g5 Bd4 37. Rf1 Qc8 38. Qf3 Re7 39. h5 Qe8 40. Kh3 Kg8 41. g6
f6 42. Qf5 a5 43. Bxa5 Re3+ 44. Kg2 Re2+ 45. Kh1 Re5 46. Qh3 Re3 47. Qf5 Kf8 48.
Bd2 Qe4+ 49. Qxe4 Rxe4 50. Rb1 f5 51. Rb8+ Ke7 52. Bg5+ Kd7 53. Rf8 Bb2 54. Rxf5
Rxc4 55. Kg2 Re4 56. Kf3 Re5 57. Rxe5 Bxe5 58. Ke4 c4 59. h6 gxh6 60. Bxh6 Ke7
61. Kf5 c3 62. Bc1 Kf8 63. Ke4 Kg7 64. Kd3 Kxg6 65. Ba3 Kf5 66. Bxd6 Bxd6 67.
Kxc3 1/2-1/2

[Event "Netanya Open 2019"]
[Site "Netanya ISR"]
[Date "2019.07.02"]
[Round "9.30"]
[White "Musyuk, Lior"]
[Black "Tsirilman, Guy"]
[Result "1/2-1/2"]
[WhiteElo "2190"]
[BlackElo "1798"]
[WhiteFideId "2816784"]
[BlackFideId "2820900"]
[EventDate "2019.06.23"]

1. e4 c5 2. Nf3 d6 3. Bb5+ Nc6 4. d4 cxd4 5. Qxd4 a6 6. Bxc6+ bxc6 7. c4 e5 8.
Qd3 Qc7 9. Nc3 Nf6 10. h3 Be7 11. Be3 O-O 12. O-O Rd8 13. Rfc1 Rb8 14. Rab1 c5
15. Nh4 g6 16. Bg5 Be6 17. Nf5 gxf5 18. exf5 Nh5 19. Bh6 Kh8 20. Qf3 Nf6 21.
fxe6 1/2-1/2

[Event "Netanya Open 2019"]
[Site "Netanya ISR"]
[Date "2019.07.02"]
[Round "9.31"]
[White "Mizrahi, Ido"]
[Black "Mindlin, Alon"]
[Result "0-1"]
[BlackTitle "IM"]
[WhiteElo "2100"]
[BlackElo "2454"]
[WhiteFideId "2820269"]
[BlackFideId "2800071"]
[EventDate "2019.06.23"]

1. d4 Nf6 2. c4 e6 3. Nc3 Bb4 4. Bg5 h6 5. Bh4 c5 6. d5 exd5 7. cxd5 d6 8. e3
Bxc3+ 9. bxc3 Nbd7 10. Qb3 O-O 11. Nf3 Qa5 12. Rc1 b5 13. Bxf6 Nxf6 14. a4 bxa4
15. Qb5 Qb6 16. Qxa4 Qb2 17. Qc2 Qxc2 18. Rxc2 Bf5 19. Rc1 Nxd5 20. Be2 Rab8 21.
Nd2 Nf6 22. Bf3 d5 23. c4 d4 24. exd4 Rb2 25. d5 Nd7 26. Kd1 Ne5 27. Be2 Rfb8
28. f4 Ng4 29. Ke1 Re8 30. Rc3 Ra2 0-1

[Event "Netanya Open 2019"]
[Site "Netanya ISR"]
[Date "2019.07.02"]
[Round "9.32"]
[White "Goikhman, Valentin"]
[Black "Slobodiansky, Steven"]
[Result "1/2-1/2"]
[WhiteElo "2320"]
[BlackElo "2106"]
[WhiteFideId "2806800"]
[BlackFideId "2818523"]
[EventDate "2019.06.23"]

1. d4 Nf6 2. c4 e6 3. Nf3 Bb4+ 4. Bd2 a5 5. a3 Bxd2+ 6. Nbxd2 O-O 7. e4 d6 8.
Qc2 Qe7 9. e5 dxe5 10. dxe5 Nfd7 11. Bd3 h6 12. Qc3 Nc6 13. Be4 Nc5 14. Bc2 b6
15. b3 Bb7 16. O-O Rfd8 17. Rfd1 f5 18. exf6 Qxf6 19. Qe3 Nd4 20. Nxd4 Qxd4 21.
Qxd4 Rxd4 22. Nf3 Rxd1+ 23. Rxd1 Bxf3 24. gxf3 Rf8 25. Kg2 g5 26. b4 axb4 27.
axb4 Na6 28. Rd7 Rf7 29. Rd8+ Kg7 30. Be4 Re7 31. Ra8 Nxb4 32. Ra4 c5 33. Kg3
Rd7 34. Ra8 Rd4 35. Re8 Kf7 36. Rh8 Rxc4 37. Rh7+ Kf6 38. Rxh6+ Ke5 39. Rg6 Rc1
40. Rxg5+ Kf6 41. Kf4 Nc2 42. Rg6+ Kf7 43. h4 Nd4 44. h5 Rh1 45. h6 b5 46. Rg7+
Kf6 47. Rg6+ Kf7 1/2-1/2

[Event "Netanya Open 2019"]
[Site "Netanya ISR"]
[Date "2019.07.02"]
[Round "9.33"]
[White "Ben Ari, Yannay"]
[Black "Poleg, Dan"]
[Result "1/2-1/2"]
[BlackTitle "FM"]
[WhiteElo "2053"]
[BlackElo "2271"]
[WhiteFideId "2815222"]
[BlackFideId "2812398"]
[EventDate "2019.06.23"]

1. e4 e5 2. Nf3 Nc6 3. Bb5 g6 4. d4 exd4 5. Bg5 Be7 6. Bxe7 Qxe7 7. Bxc6 dxc6 8.
Qxd4 Nf6 9. Nc3 Bg4 10. Nd2 c5 11. Qe3 O-O-O 12. h3 Bd7 13. O-O-O Bc6 14. f3 b6
15. Nc4 Qe6 16. b3 Rhe8 17. Rhe1 a5 18. a4 Nd7 19. f4 f5 20. exf5 Qxf5 21. Qxe8
Rxe8 22. Rxe8+ Kb7 23. g4 Qxf4+ 24. Kb2 Qf7 25. Rde1 h5 26. R8e7 Qf4 1/2-1/2

[Event "Netanya Open 2019"]
[Site "Netanya ISR"]
[Date "2019.07.02"]
[Round "9.34"]
[White "Axelrod, Arie"]
[Black "Sokolovsky, Yahli"]
[Result "0-1"]
[WhiteTitle "FM"]
[WhiteElo "2227"]
[BlackElo "2074"]
[WhiteFideId "2804867"]
[BlackFideId "2820242"]
[EventDate "2019.06.23"]

1. e4 c5 2. d3 Nc6 3. g3 g6 4. Bg2 Bg7 5. f4 e6 6. Nf3 Nge7 7. c3 O-O 8. Be3 b6
9. d4 cxd4 10. cxd4 d5 11. e5 Ba6 12. Nc3 Qd7 13. Bf1 Bxf1 14. Kxf1 f6 15. exf6
Bxf6 16. Kg2 Nf5 17. Bf2 Qg7 18. Ne5 Bxe5 19. fxe5 Qh6 20. Re1 Rf7 21. Rc1 Raf8
22. Rc2 Qg5 23. Kh1 Nce7 24. Nb5 Qh6 25. Qg4 g5 26. Bg1 Qg6 27. Rc3 a6 28. Nc7
Ng7 29. Qe2 g4 30. Nxa6 Nh5 31. Kg2 Rf3 32. Qc2 Nf5 33. Rc8 Qh6 34. Rxf8+ Kxf8
35. Bf2 Kf7 36. Kg1 Nhxg3 37. Qc7+ Kg6 38. Qd7 Qd2 39. Qxe6+ Kg5 40. Qf6+ Kf4
41. hxg3+ Rxg3+ 42. Kf1 Rf3 43. Re2 Qd1+ 44. Re1 Rxf2+ 45. Kxf2 g3+ 46. Kg2 Qf3+
47. Kh3 Qh5+ 0-1

[Event "Netanya Open 2019"]
[Site "Netanya ISR"]
[Date "2019.07.02"]
[Round "9.35"]
[White "Tartakovsky, Daniel"]
[Black "Bilych, Olexiy"]
[Result "1/2-1/2"]
[WhiteElo "2034"]
[BlackElo "2203"]
[WhiteFideId "2813653"]
[BlackFideId "14156504"]
[EventDate "2019.06.23"]

1. d4 Nf6 2. c4 e6 3. g3 Bb4+ 4. Bd2 Be7 5. Bg2 d5 6. Nf3 O-O 7. O-O c6 8. Qc2
Nbd7 9. Rd1 b6 10. Bf4 Ba6 11. Ne5 Nxe5 12. dxe5 Nd7 13. cxd5 cxd5 14. e4 d4 15.
Rxd4 Bc5 16. Rd1 g5 17. Bc1 Qe7 18. Qa4 Bc8 19. a3 a5 20. b4 b5 21. Qxb5 axb4
22. Bb2 bxa3 23. Bd4 Ba6 24. Bxc5 Nxc5 25. Qb4 Rfb8 26. Qxa3 Rb3 27. Qc1 Rab8
28. Nd2 Nd3 29. Qc6 R3b6 30. Qc3 Rc8 31. Qd4 Qb7 32. Bf1 Nb4 33. Bxa6 Nxa6 34.
Rdc1 Rbc6 35. Rxc6 Qxc6 36. Qd6 Nb8 37. Qe7 h6 38. Ra7 Qe8 39. Qf6 Nc6 40. Rb7
Qf8 41. Nc4 Qg7 42. Nd6 Rf8 43. Qxg7+ Kxg7 44. f4 gxf4 45. gxf4 Kg6 46. f5+ exf5
47. exf5+ Kg5 48. Rxf7 Rxf7 49. Nxf7+ Kxf5 50. Nxh6+ Kxe5 51. Kg2 Kf4 1/2-1/2

[Event "Netanya Open 2019"]
[Site "Netanya ISR"]
[Date "2019.07.02"]
[Round "9.36"]
[White "Lukin, Elisha"]
[Black "Levin, Guy"]
[Result "1-0"]
[WhiteElo "2196"]
[BlackElo "2054"]
[WhiteFideId "2813262"]
[BlackFideId "2824213"]
[EventDate "2019.06.23"]

1. d4 Nf6 2. c4 e6 3. Nc3 Bb4 4. e3 c5 5. Ne2 O-O 6. dxc5 Na6 7. g3 Nxc5 8. Bg2
d5 9. cxd5 Nxd5 10. O-O Nxc3 11. bxc3 Ba5 12. Ba3 Qc7 13. Nd4 Rd8 14. Qh5 Na4
15. Nb5 Qc4 16. Rfd1 Nxc3 17. Bf1 Rxd1 18. Rxd1 Qc6 19. Rd6 g6 20. Qh6 Qe8 21.
Nxc3 Bxc3 22. Bb5 Qe7 23. Rd3 1-0

[Event "Netanya Open 2019"]
[Site "Netanya ISR"]
[Date "2019.07.02"]
[Round "9.37"]
[White "Aizenberg, Benny"]
[Black "Cohen Revivo, Alon"]
[Result "1-0"]
[WhiteElo "2156"]
[BlackElo "2036"]
[WhiteFideId "2821125"]
[BlackFideId "2801809"]
[EventDate "2019.06.23"]

1. e4 Nc6 2. Nf3 f5 3. exf5 d5 4. d4 Bxf5 5. Bd3 Be4 6. O-O Nf6 7. c3 Qd6 8. Na3
a6 9. Bxe4 Nxe4 10. Ng5 Nxg5 11. Bxg5 g6 12. Re1 Bg7 13. Nc2 O-O 14. Qg4 e5 15.
dxe5 Nxe5 16. Qg3 Qb6 17. Nd4 c5 18. Nb3 Rf5 19. Be3 Nd3 20. Red1 Nxb2 21. Bxc5
Qe6 22. Re1 Re5 23. Rxe5 Qxe5 24. Qxe5 Bxe5 25. Bd4 Re8 26. Re1 Bxh2+ 27. Kf1
Rxe1+ 28. Kxe1 Bd6 29. Ke2 Nc4 30. Kd3 b6 31. f3 Kf7 32. Bf2 Be5 33. Nd4 Bxd4
34. Kxd4 Ke6 35. Bh4 Ne5 36. Bg3 Nc6+ 37. Kd3 b5 38. Bf4 Kf5 39. Bc7 h5 40. Ke3
g5 41. Bg3 Ke6 42. Be1 Kf5 43. Bg3 h4 44. Bd6 a5 45. Bc7 Ke6 46. Bh2 b4 47. cxb4
Nxb4 48. a4 Nc6 49. Bc7 Kd7 50. Bb6 Kd6 51. Kd3 Ne5+ 52. Ke2 Nc6 53. Be3 g4 54.
fxg4 Ke5 55. Bg5 Ke4 56. Bxh4 d4 57. Be1 d3+ 58. Kd1 Ne5 59. Bxa5 Nxg4 60. Bb6
Ne5 61. a5 Nc4 62. Bd8 Ne3+ 63. Kd2 Nc4+ 64. Ke1 Kd4 65. a6 Kc3 66. Bg5 Kc2 67.
a7 Nb6 68. Bd2 Kb3 69. g4 Kc4 70. Kf2 Na8 71. g5 Kd5 72. Ke3 Nc7 73. Kxd3 Kc6
74. Bf4 Na8 75. g6 1-0

[Event "Netanya Open 2019"]
[Site "Netanya ISR"]
[Date "2019.07.02"]
[Round "9.38"]
[White "Guz, Ari"]
[Black "Gov, Guy"]
[Result "1-0"]
[WhiteElo "2151"]
[BlackElo "2024"]
[WhiteFideId "2825759"]
[BlackFideId "2820200"]
[EventDate "2019.06.23"]

1. c4 e6 2. g3 d5 3. Bg2 dxc4 4. Qa4+ Nd7 5. Qxc4 a6 6. Qc2 c5 7. Nc3 Ngf6 8.
Nf3 Qc7 9. O-O Rb8 10. d4 Bd6 11. dxc5 Nxc5 12. Rd1 Nce4 13. Qd3 Nxc3 14. bxc3
Bc5 15. Bf4 Qb6 16. Bxb8 Bxf2+ 17. Kh1 Ng4 18. h3 h5 19. Ng5 Be3 20. Qd8+ Qxd8
21. Rxd8+ Kxd8 22. Nxf7+ 1-0

[Event "Netanya Open 2019"]
[Site "Netanya ISR"]
[Date "2019.07.02"]
[Round "9.39"]
[White "Hoffmann, Yair"]
[Black "Iliaguev, Daniel"]
[Result "0-1"]
[WhiteElo "2140"]
[BlackElo "1993"]
[WhiteFideId "2822776"]
[BlackFideId "2818434"]
[EventDate "2019.06.23"]

1. d4 Nf6 2. c4 c5 3. Nf3 cxd4 4. Nxd4 e5 5. Nb5 d5 6. cxd5 Bc5 7. e3 O-O 8. Be2
Nxd5 9. O-O Nc6 10. a3 a5 11. b3 Be6 12. Bb2 Qg5 13. Bf3 Rfd8 14. Qe2 Rac8 15.
N1c3 Nxc3 16. Nxc3 f5 17. Na4 Ba7 18. Qb5 f4 19. Qxb7 fxe3 20. Kh1 exf2 21. Bxc6
Rxc6 22. Qxa7 Bd5 23. Rxf2 Rg6 24. Rg1 Rh6 25. Rd1 Bxg2+ 26. Rxg2 Rxd1+ 27. Rg1
Rxh2+ 28. Kxh2 Rd2+ 29. Kh3 Rd3+ 30. Kh2 Qh5+ 31. Kg2 Qf3+ 0-1

[Event "Netanya Open 2019"]
[Site "Netanya ISR"]
[Date "2019.07.02"]
[Round "9.41"]
[White "Zalkind, Konstantin"]
[Black "Sobel, Alon"]
[Result "1-0"]
[WhiteTitle "FM"]
[WhiteElo "2130"]
[BlackElo "1714"]
[WhiteFideId "2803461"]
[BlackFideId "2816946"]
[EventDate "2019.06.23"]

1. Nf3 Nf6 2. c4 c6 3. d4 d5 4. Nbd2 Bf5 5. Nh4 Bg6 6. Nxg6 hxg6 7. e3 e6 8. Be2
Bd6 9. h3 Nbd7 10. a3 Qe7 11. b4 O-O 12. Bb2 e5 13. dxe5 Bxe5 14. Bxe5 Nxe5 15.
O-O Rad8 16. Qc2 Rfe8 17. c5 Ned7 18. Nf3 Nf8 19. Rad1 Ne4 20. Bd3 Ng5 21. Nd4
Nfe6 22. Ne2 Qf6 23. Qc3 Qxc3 24. Nxc3 d4 25. exd4 Nxd4 26. h4 Nge6 27. g3 g5
28. h5 g4 29. Kg2 Ng5 30. Bb1 Ngf3 31. Ne4 Rd5 32. Nd6 Rxh5 33. Rh1 Rxh1 34.
Kxh1 Re5 35. Kg2 b6 36. Ba2 Ne6 37. cxb6 axb6 38. Nc8 Re2 39. Bxe6 fxe6 40. Nxb6
Nd2 41. a4 Ne4 42. Rf1 Nd2 43. Ra1 Nb3 44. Rb1 Nd4 45. Nc4 Ra2 46. a5 Nf3 47.
Ne3 Ne5 48. Rd1 Ra4 49. Nc2 c5 50. Ra1 Rxa1 51. Nxa1 cxb4 52. a6 Nc6 53. Kf1 Kf7
54. Ke2 Ke7 55. Kd3 Kd6 56. Kc4 Kc7 57. Nc2 Ne5+ 58. Kxb4 Nd3+ 59. Kb5 Nxf2 60.
Nd4 Nd3 61. Nxe6+ Kc8 62. Kb6 Nb4 63. a7 Nd5+ 64. Kc5 1-0

[Event "Netanya Open 2019"]
[Site "Netanya ISR"]
[Date "2019.07.02"]
[Round "9.42"]
[White "Friedland, Eldar"]
[Black "Gorshtein, Asaf"]
[Result "1/2-1/2"]
[WhiteElo "1959"]
[BlackElo "2109"]
[WhiteFideId "2820714"]
[BlackFideId "2821273"]
[EventDate "2019.06.23"]

1. d4 d5 2. c4 dxc4 3. e3 Nf6 4. Bxc4 e6 5. Nf3 c5 6. O-O a6 7. a4 Nc6 8. Qe2
Qc7 9. Rd1 Be7 10. dxc5 Bxc5 11. b3 Na5 12. Nbd2 Nxc4 13. Nxc4 O-O 14. Bb2 Qe7
15. Rac1 Bd7 16. Bxf6 gxf6 17. Ncd2 Bc6 18. Nd4 Bxd4 19. exd4 Rad8 20. Ne4 f5
21. Ng3 Qg5 22. Qh5 Qxh5 23. Nxh5 Rd6 24. Rd3 Rfd8 25. Rcd1 Kf8 26. Nf4 b5 27.
d5 Bxd5 28. Nxd5 Rxd5 29. Rxd5 Rxd5 30. Rxd5 exd5 31. axb5 axb5 32. f4 b4 33.
Kf2 Ke7 34. Ke3 Kd7 35. Kd3 Kc6 36. Ke3 Kc5 37. Kd3 d4 38. Kc2 Kd6 39. Kd2 Kd5
40. Kd3 f6 41. g3 Kc5 42. Kc2 Kc6 43. Kd2 Kd6 44. Kc2 Kc5 45. Kd2 Kd5 46. Kd3 h6
47. h3 Kc5 48. Kc2 Kc6 49. Kd2 Kd6 50. Kc2 Kc5 51. Kd2 Kd5 52. Kd3 h5 53. h4 Kc5
54. Kc2 Kb5 55. Kd3 Kc5 1/2-1/2